Rocky Horror Characters by Picture - Statistics

General Stats
  • This quiz has been taken 29 times
  • The average score is 9 of 12
Answer Stats
Picture Answer % Correct
Rocky Horror
100%
Dr. Frank-N-Furter
96%
Janet Weiss
96%
Brad Majors
92%
Eddie
88%
Riff Raff
77%
Magenta
73%
Columbia
69%
Betty Munroe Hapschatt
54%
Dr. Everett V. Scott
54%
The Criminologist
42%
Ralph Hapschatt
8%
No matching quizzes found
Score Distribution
Percent of People with Each Score
Percentile by Number Answered
Your Score History
You have not taken this quiz